LIBRARY & INFORMATION CENTRE, KCAET, TAVANUR

ONLINE PUBLIC ACCESS CATALOGUE (OPAC)

Energy resources utilization and technologies / (Record no. 14191)

MARC details
000 -LEADER
fixed length control field 00384nam a22001457a 4500
003 - CONTROL NUMBER IDENTIFIER
control field OSt
008 - FIXED-LENGTH DATA ELEMENTS--GENERAL INFORMATION
fixed length control field 241101b |||||||| |||| 00| 0 eng d
020 ## - INTERNATIONAL STANDARD BOOK NUMBER
ISBN 9789381075890
082 ## - DEWEY DECIMAL CLASSIFICATION NUMBER
Classification number 621.47
Item number YER/EN
100 ## - MAIN ENTRY--AUTHOR NAME
Personal name Yerramilli, Anjaneyulu
245 ## - TITLE STATEMENT
Title Energy resources utilization and technologies /
260 ## - PUBLICATION, DISTRIBUTION, ETC. (IMPRINT)
Place of publication Hyderabad
Name of publisher B S Publication
Year of publication 2012
300 ## - PHYSICAL DESCRIPTION
Number of Pages 547
942 ## - ADDED ENTRY ELEMENTS (KOHA)
Koha item type Books
Holdings
Withdrawn status Lost status Damaged status Collection code Home library Current library Shelving location Date acquired Cost, normal purchase price Full call number Accession Number Koha item type
        KAUAET KAUAET Shelf- 7A 18/11/2015 0.00 621.47 YER/EN 24620 Books
free website counter